České Budějovice orientační plán středu města /

Korporativní autor: Kartografie Praha (firma)
Další autoři: Chmelíková, Jitka
Jazyk: Ruština
Němčina
Francouzština
Čeština
Angličtina
Vydáno: Praha : Kartografie, 1975
Vydání: 2. vyd.
Témata:
Fyzický popis: 1 mapa : barev. ; 37 x 47 cm, na listu 42 x 62 cm, složeno na 21 x 11 cm
Language note: Obsahuje český, ruský, anglický, francouzský a německý text
Mapy
Uloženo v:
LEADER 01579nem a22003732a 4500
001 000388397
003 CZ BrMZK
005 20140912111106.0
007 aj canzn
008 980107s1975 xr a 0 cze d
015 |a cnb002110518 
034 1 |a a  |b 10000 
040 |a BOA001  |b cze 
041 0 |a cze  |a rus  |a eng  |a fre  |a ger 
072 7 |a 913(437)  |x Geografie Česka a Slovenska, reálie, cestování  |2 Konspekt  |9 7 
072 7 |a 912  |x Mapy. Atlasy. Glóby  |2 Konspekt  |9 7 
080 |a 913(437.319)  |2 MRF 
080 |a (084.3)  |2 MRF 
110 2 |a Kartografie Praha (firma)  |7 kn20010724363  |4 ctg  |4 pbl 
245 1 0 |a České Budějovice  |h [kartografický dokument] :  |b orientační plán středu města /  |c zpracovala Kartografie Praha ; odp. red. Jitka Chmelíková 
250 |a 2. vyd. 
255 |a Měřítko 1:10 000 
260 |a Praha :  |b Kartografie,  |c 1975 
300 |a 1 mapa :  |b barev. ;  |c 37 x 47 cm, na listu 42 x 62 cm, složeno na 21 x 11 cm 
500 |a Na rubu mapy vlastivědný text, důležité informace 
546 |a Obsahuje český, ruský, anglický, francouzský a německý text 
655 7 |a plány měst  |7 fd133027  |2 czenas 
651 7 |a České Budějovice (Česko)  |7 ge131699  |2 czenas 
700 1 |a Chmelíková, Jitka  |7 jx20051124024  |4 pbd 
910 |a BOA001  |b PK-0069.047-75  |b Skř.9A-0708.041-75 
990 |a MP 
991 |b 201409 
996 6 |b 2619022613  |c Skř.9A-0708.041-75  |l MZK  |r Sklad / do 24 hodin  |n 0  |w 000388397  |u 000020  |a 1  |e BOA001  |j MZK50  |s P 
996 7 |b 3119814455  |c PK-0069.047-75  |l MZK  |r Sklad / do 1 hodiny  |n 0  |w 000388397  |u 000010  |a 1  |e BOA001  |j MZK50  |s A